000 00576nam a2200205Ia 4500
005 20250508163327.0
008 008 250505s9999 xx 000 0 eng d
020 _a0-642-96076-3
037 _aTextual
040 _aFEDL
_beng
_cFEDL
041 _aeng
_2eng
084 _a370.9, CON
_qFEDL
100 _aConnell W F
245 0 _aHistory of education in the twentieth century world
260 _aAustralia
_bCurriculum Development Centre
_c1980
300 _aix,478p.
650 _aEducation
942 _cTEXL
_h370.9, CON
999 _c1382341
_d1382341